[Event "Senta op 23rd"]
[Site "Senta"]
[Date "2019.07.22"]
[Round "5"]
[White "Nomin Erdene, Davaademberel"]
[Black "Zegarac, Vuk"]
[Result "1/2-1/2"]
[WhiteElo "2397"]
[BlackElo "2295"]
[PlyCount "101"]
[EventDate "2019.07.19"]
[EventType "swiss"]
[EventRounds "9"]
[EventCountry "SRB"]
[SourceTitle "EXT 2020"]
[Source "ChessBase"]
[SourceDate "2019.10.17"]
[SourceVersion "1"]
[SourceVersionDate "2019.10.17"]
[SourceQuality "1"]

1. e4 c6 2. d4 d5 3. f3 e6 4. Nc3 Qb6 5. a3 Nd7 6. Be3 Ngf6 7. Bf2 dxe4 8. fxe4 Ng4 9. Nh3 Nxf2 10. Nxf2 e5 11. d5 Qxb2 12. Na4 Qd4 13. c4 Qxd1+ 14. Kxd1 Nb6 15. Nb2 Bc5 16. Nbd3 Bd4 17. Rc1 f5 18. Be2 fxe4 19. Nxe4 cxd5 20. cxd5 Nxd5 21. Bf3 0-0 22. Nd6 Be6 23. Re1 Nf4 24. Nxf4 Rxf4 25. Nxb7 Rb8 26. Nc5 Bg4 27. Bxg4 Rxg4 28. Re2 Rf4 29. Ke1 Rc8 30. Nd3 Rxc1+ 31. Nxc1 Rf7 32. Nb3 Bc3+ 33. Kd1 Rc7 34. Rc2 Kf7 35. Ke2 Ba5 36. Rxc7+ Bxc7 37. Ke3 Ke6 38. Ke4 Kd6 39. g4 Kc6 40. a4 Kd6 41. h4 g6 42. h5 Kc6 43. hxg6 hxg6 44. Nd2 Kc5 45. Nf3 Kb4 46. Nxe5 Kxa4 47. Nc6 Bb6 48. Ne5 a6 49. g5 Kb4 50. Nd3+ Kc4 51. Ne5+ 1/2-1/2